High Street A3 - what is the current rental value? (Record no. 74070)

MARC details
000 -LEADER
fixed length control field 01513cab a2200277 4500
001 - CONTROL NUMBER
control field ABS67471
008 - FIXED-LENGTH DATA ELEMENTS--GENERAL INFORMATION
fixed length control field 040126n2003 000 0 eng u
035 ## - SYSTEM CONTROL NUMBER
System control number (Sirsi) u124903
100 ## - MAIN ENTRY--PERSONAL NAME
Personal name Gillham, B.
245 ## - TITLE STATEMENT
Title High Street A3 - what is the current rental value?
260 ## - PUBLICATION, DISTRIBUTION, ETC.
Date of publication, distribution, etc. 2003
490 ## - SERIES STATEMENT
Series statement Journal of Retail and Leisure Property
Volume/sequential designation 3(3) December 2003, 223-236(14)
520 ## - SUMMARY, ETC.
Summary, etc. Provides a detailed examination of the assessment of rental value of high street bars (A3 operators) in the absence of new lettings evidence, recognising that there is now over-provision of bars in many towns with no new lettings likely to take place for many years. Covers valuation methods that can be used in the absence of open market evidence.of A3 lettings, looking at operators' appraisal, profits method of valuation and turnover per square foot of customer space. Concludes that valuers need to be more sophisticated in their approach to this market. Tables cover an example of operators' appraisal, profit weighting, typical rents and an example of disposal. (Taken from journal abstract).
590 ## - LOCAL NOTE (RLIN)
Local note ABS
650 ## - SUBJECT ADDED ENTRY--TOPICAL TERM
Topical term or geographic name entry element PROFITS METHOD
650 ## - SUBJECT ADDED ENTRY--TOPICAL TERM
Topical term or geographic name entry element BARS
650 ## - SUBJECT ADDED ENTRY--TOPICAL TERM
Topical term or geographic name entry element TURNOVER VALUATION
650 ## - SUBJECT ADDED ENTRY--TOPICAL TERM
Topical term or geographic name entry element RENTAL VALUES
650 ## - SUBJECT ADDED ENTRY--TOPICAL TERM
Topical term or geographic name entry element VALUATION APPROACH
650 ## - SUBJECT ADDED ENTRY--TOPICAL TERM
Topical term or geographic name entry element OPEN MARKET RENTAL VALUE
650 ## - SUBJECT ADDED ENTRY--TOPICAL TERM
Topical term or geographic name entry element A3 USE CLASS
650 ## - SUBJECT ADDED ENTRY--TOPICAL TERM
Topical term or geographic name entry element PROPERTY-COMMERCIAL PROPERTY-RETAIL PROPERTY-RETAIL PROPERTY MARKET
690 ## - LOCAL SUBJECT ADDED ENTRY--TOPICAL TERM (OCLC, RLIN)
Topical term or geographic name as entry element VALUATION AND INVESTMENT APPRAISAL-COMMERCIAL
700 ## - ADDED ENTRY--PERSONAL NAME
Personal name Owens, S.
942 ## - ADDED ENTRY ELEMENTS (KOHA)
Suppress in OPAC 0
Holdings
Withdrawn status Lost status Source of classification or shelving scheme Damaged status Not for loan Home library Current library Shelving location Date acquired Total Checkouts Full call number Barcode Date last seen Copy number Price effective from Koha item type
    Dewey Decimal Classification     London London Journal article 26/01/2004   ABS67471 124903-1001 06/08/2019 1 06/08/2019 Journal article